Statistics for Most populous capital cities with exceptions

Click here to take the quiz!

General Stats

  • This quiz has been taken 47 times
  • The average score is 12 of 20

Answer Stats

PopulationCapital city% Correct
4,72 mBerlin
85%
6,55 mMadrid
85%
9,60 mBogota
73%
8,05 mRiyadh
73%
5,05 mAnkara
70%
8,55 mWashington D.C
70%
5,10 mAccra
68%
7,25 mSantiago
68%
7,00 mBaghdad
65%
5,90 mNairobi
65%
8,15 mLuanda
63%
6,30 mKhartoum
55%
8,90 mKuala Lumpur
55%
9,15 mTaipei
55%
5,60 mAmman
53%
4,22 mCape Town
53%
4,32 mKabul
53%
5,70 mSingapore
53%
4,75 mColombo / Sri Jayawardenapura Kotte
28%
4,75 mKuwait City
23%

Score Distribution

Percentile by Number Answered

Percent of People with Each Score

Your Score History

You have not taken this quiz